Izolácia liečivých látok pomocou superkritickej extrakcie s CO2

Na minha lista:
Detalhes bibliográficos
Autor principal: Filipová, Lenka (Author)
Outros Autores: Sládková, Alexandra (Thesis advisor)
Formato: Manuscrito Livro
Idioma:eslovaco
Publicado em: 2018
Assuntos:
Acesso em linha:http://is.stuba.sk/zp/portal_zp.pl?podrobnosti=126536
Tags: Adicionar Tag
Sem tags, seja o primeiro a adicionar uma tag!

MARC

LEADER 00000ntm a22000003a 4500
001 stuzp68732
003 SK-STU
005 20180623210623.5
007 ta
008 150427s2015----xo-----f-mn---000-0-slo-d
040 |a STU  |b slo 
041 0 |a slo 
100 1 |a Filipová, Lenka  |u 049380  |k Z4  |4 aut  |U FCHPT Ústav prírodných a syntetických polymérov  |T FCHPT Oddelenie dreva, celulózy a papiera  |X 81913  |U C9380  |Y 129  |7 81913 
242 0 1 |a Isolation of Medicinal substances by Supercritical CO2 Extraction  |y eng 
245 1 0 |a Izolácia liečivých látok pomocou superkritickej extrakcie s CO2 
260 |c 2018 
650 4 |a kôra  |2 slo 
650 4 |a škodcovia  |2 slo 
650 4 |a superkritická extrakcia  |2 slo 
650 4 |a identifikácia (zloženie)  |2 slo 
650 4 |a bark  |2 eng 
650 4 |a pests  |2 eng 
650 4 |a extraction  |2 eng 
650 4 |a identification (composition)  |2 eng 
700 1 |a Sládková, Alexandra  |u 049380  |k Z2  |4 ths  |U FCHPT Ústav prírodných a syntetických polymérov  |T FCHPT Oddelenie dreva, celulózy a papiera  |X 50130  |U C9380  |Y 129  |7 A0000050130 
856 4 |u http://is.stuba.sk/zp/portal_zp.pl?podrobnosti=126536